000 003160000a22001450004500
003 MACL
040 _aMACL
090 _c8285
_d8284
100 _aSharma, H L
245 _aTrends And Challenges To indian Banking
260 _bRajat Publications
_c2007
350 _a300
650 _aEconomices
942 _cBOOK
_k330
999 _c8234
_d8234